La crisis de homo sapiens : ensayos /

-д хадгалсан:
Номзүйн дэлгэрэнгүй
Бусад зохиолчид: Ardrey, Robert (autor) (autor)
Формат: Ном
Хэл сонгох:испани
Хэвлэсэн: Caracas, Venezuela : Tiempo Nuevo, 1970, c1970
Цуврал:(Libros de Bolsillo de Tiempo Nuevo ; 6)
Нөхцлүүд:
Шошгууд: Шошго нэмэх
Шошго байхгүй, Энэхүү баримтыг шошголох эхний хүн болох!

MARC

LEADER 00000nam^a2200000^a^4500
001 000182733
005 20250521000000.0
009 20260310102017.398
037 |a Acervo ITESO - Biblioteca 
041 |a ESP 
082 |a 306. 4  |b CRI 
245 1 3 |a La crisis de homo sapiens :  |b ensayos /  |c R. Ardrey... [et al.] ; tr. por Santiago González. 
264 4 |a Caracas, Venezuela :  |b Tiempo Nuevo,  |c 1970, c1970 
300 |a 250 p. 
336 |a texto  |b txt  |2 rdacontenido 
337 |a sin mediación  |b n  |2 rdamedio 
338 |a volumen  |b nc  |2 rdasoporte 
440 1 |a (Libros de Bolsillo de Tiempo Nuevo ;  |v 6) 
649 |a XX 
650 |a Indios Pueblo 
650 |a Indígenas de América del Norte -  |z EUA 
650 |a Prácticas Culturales -  |z Samoa 
650 |a Instinto de Supervivencia 
650 |a Agresividad 
650 |a Violencia 
650 |a Etica Social 
650 |a Identidad Personal 
650 |a Evolución 
650 |a Lapsus 
650 |a Sueños 
650 |a Ciencia y Desarrollo 
650 |a Desarrollo Urbano 
650 |a Desarrollo Sustentable 
650 |a Etica Científica 
650 |a Deportes -  |x Aspectos Sociales y Culturales 
650 |a Cuentos Ingleses 
650 |a Literatura Inglesa -  |y Siglo XIX 
650 |a Educación 
650 |a Psicoanálisis 
650 |a Antropología Filosófica 
650 |a Antropología Cultural 
700 |a Ardrey, Robert  |e (autor) 
910 |a Fondo General 
920 |a Impresos - Libros 
930 |a Colección General 
905 |a 101 
901 |a 0500122712  |b IT1  |c ACC  |u 20250521 
902 |a https://opac.biblio.iteso.mx/vufind/Record/000182733